LEADER 00798nam0-2200301---450- 001 990008757780403321 005 20090401112451.0 020 $aIT$b708629 035 $a000875778 035 $aFED01000875778 035 $a(Aleph)000875778FED01 035 $a000875778 100 $a20081118d1969----km-y0itay50------ba 101 0 $aita 102 $aIT 105 $ay-------001yy 200 1 $a<>pionieri del volo bellico 210 $a[Roma]$cUfficio storico Aeronautica militare$d1969 215 $a20 p.$c1 tav.$d27 cm 676 $a358.4$v21$zita 700 1$aMencarelli,$bIgino$0431898 801 0$aIT$bUNINA$gRICA$2UNIMARC 901 $aBK 912 $a990008757780403321 952 $aV38$fDINPA 959 $aDINPA 996 $aPionieri del volo bellico$9810396 997 $aUNINA LEADER 01177nam--2200397---450- 001 990003577350203316 005 20111017151042.0 010 $a978-88-339-2056-6 035 $a000357735 035 $aUSA01000357735 035 $a(ALEPH)000357735USA01 035 $a000357735 100 $a20111017d2010----km-y0itay50------ba 101 $aita 102 $aIT 105 $a||||||||001yy 200 1 $aApologia della solitudine$fThomas Dumm 210 $aTorino$cBollati Boringhieri$d2010 215 $a189 p.$d20 cm 225 2 $aNuova cultura$v231 410 0$12001$aNuova cultura$v231 454 1$12001$aLoneliness as a way of life$938106 606 0 $aSolitudine$2BNCF 676 $a155.92 700 1$aDUMM,$bThomas$0610719 801 0$aIT$bsalbc$gISBD 912 $a990003577350203316 951 $aII.3. 3539$b227841 L.M.$cII.3.$d00299977 959 $aBK 969 $aUMA 979 $aMARTUCCIEL$b90$c20111017$lUSA01$h1506 979 $aMARTUCCIEL$b90$c20111017$lUSA01$h1509 979 $aMARTUCCIEL$b90$c20111017$lUSA01$h1510 979 $aMARTUCCIEL$b90$c20111017$lUSA01$h1510 996 $aLoneliness as a way of life$938106 997 $aUNISA